000 00468nam a2200157Ia 4500
005 20241107100848.0
008 240126s9999 xx 000 0 und d
020 _a9780143424734
082 _a330.95482 MUK;1 R
100 _aMukund, Kanakalatha
245 4 _aThe world of the Tamil merchant : pioneers of International trade
260 _bPenguin Random House
_aHaryana
_c2012
300 _axliii, 191
440 _aThe stories of Indian business
942 _cPU
999 _c287263
_d287263